书目信息 |
| 题名: |
热能与动力工程基础
|
|
| 作者: | 翁史烈 主编 | |
| 分册: | ||
| 出版信息: | 北京 高等教育出版社 2004.11 |
|
| 页数: | 480页 | |
| 开本: | 26cm | |
| 丛书名: | ||
| 单 册: | ||
| 中图分类: | TK0 | |
| 科图分类: | ||
| 主题词: | 热能--re neng--高等教育--教材 , 动力工程--dong li gong cheng--高等教育--教材 | |
| 电子资源: | ||
| ISBN: | 7-04-014515-4 | |
| 000 | 01037nam0 2200289 450 | |
| 001 | CAL 012005006248 | |
| 005 | 20130628153730.96 | |
| 010 | @a7-04-014515-4@dCNY 37.70 | |
| 099 | @aCAL 012005006248 | |
| 100 | @a20041203d2004 ekmy0chiy0120 ea | |
| 101 | 0 | @achi |
| 102 | @aCN@b110000 | |
| 105 | @aak a 000yy | |
| 200 | 1 | @a热能与动力工程基础@ARe Neng Yu Dong Li Gong Cheng Ji Chu@f翁史烈主编 |
| 210 | @a北京@c高等教育出版社@d2004.11 | |
| 215 | @a480页@c图@d26cm | |
| 300 | @a普通高等教育“十五”国家规划教材 | |
| 320 | @a有书目 | |
| 330 | @a本书全面阐述了热能与动力工程学科学所涉及的往复式热力机械、回转式热力机械、制冷装置、锅炉设备、新能源和可再生能源利用的理论与应用,各类设备的工作原理和基本概念,设计基础和基本方法、新技术发展方向。 | |
| 606 | 0 | @a热能@Are neng@x高等教育@j教材 |
| 606 | 0 | @a动力工程@Adong li gong cheng@x高等教育@j教材 |
| 690 | @aTK0@v4 | |
| 701 | 0 | @a翁史烈@AWeng Shi Lie@4主编 |
| 801 | 0 | @aCN@b北京图书大厦@c20050630 |
| 905 | @a10447@dTK0@eW693 | |
| 906 | @dCNY37.70@n0@r1 | |
| 998 | @aPUL | |
| 热能与动力工程基础/翁史烈主编.-北京:高等教育出版社,2004.11 |
| 480页:图;26cm |
| 普通高等教育“十五”国家规划教材 |
| ISBN 7-04-014515-4:CNY 37.70 |
| 本书全面阐述了热能与动力工程学科学所涉及的往复式热力机械、回转式热力机械、制冷装置、锅炉设备、新能源和可再生能源利用的理论与应用,各类设备的工作原理和基本概念,设计基础和基本方法、新技术发展方向。 |
| ● |
| 相关链接 |
|
|
|
正题名:热能与动力工程基础
索取号:TK0/W693
 
预约/预借
| 序号 | 登录号 | 条形码 | 馆藏地/架位号 | 状态 | 备注 |
| 1 | 491809 | 204918090 | 能源与建筑环境工程学院资料室/201建筑库 28排2列2层/ [索取号:TK0/W693] | 在馆 | |
| 2 | 537076 | 205370766 | 自科库501/ [索取号:TK0/W693] | 在馆 | |
| 3 | 537077 | 205370775 | 能源与建筑环境工程学院资料室/201建筑库 28排2列2层/ [索取号:TK0/W693] | 在馆 | |
| 4 | 537078 | 205370784 | 能源与建筑环境工程学院资料室/201建筑库 28排2列2层/ [索取号:TK0/W693] | 在馆 |